| 000 | 00387nam a2200145Ia 4500 | ||
|---|---|---|---|
| 008 | 230917s9999||||xx |||||||||||||| ||und|| | ||
| 040 |
_e49291 _aMAIN |
||
| 041 | _aEnglish | ||
| 082 | _a954.01 G155A | ||
| 100 | _aGanguly, Dilip Kumar | ||
| 245 | 0 | _aAspects of ancient Indian administration | |
| 260 |
_aNew Delhi _bAbhinav Publications _c1979 |
||
| 300 | _axxiv, 352 p. | ||
| 942 | _cBK | ||
| 999 |
_c201893 _d201893 |
||